The days of the warlords : a history of the Byzantine Empire, A.D. 969-991

Αποθηκεύτηκε σε:
Λεπτομέρειες βιβλιογραφικής εγγραφής
Κύριος συγγραφέας: Blaum, Paul A.
Μορφή: Βιβλίο
Γλώσσα:English
Δημοσίευση: Lanham : University Press of America, c1994
Θέματα:
Ετικέτες: Προσθήκη ετικέτας
Δεν υπάρχουν, Καταχωρήστε ετικέτα πρώτοι!

MARC

LEADER 00000cam a2200000 i 4500
001 1/99248
008 000127s1994 eng d
020 |a 0-8191-9657-6 
035 |l 10056812 
040 |a GR-MY-UA  |b gre  |e aacr 
041 0 |a eng 
082 0 |a 938.35 
100 1 |a Blaum, Paul A. 
245 1 4 |a The days of the warlords :  |b a history of the Byzantine Empire, A.D. 969-991 /  |c Paul A. Blaum 
260 |a Lanham :   |b University Press of America,   |c c1994 
300 |a 132 p. 
504 |a Includes bibliographical references 
651 0 |a Byzantine Empire  |x History, Military  |y 527-1081. 
852 |a INST  |b LESVOS  |e 20000127  |h 938.35 BLA  |p 005100021845  |q 005100021845  |t BK  |y 0 
901 |a BIBL1-2000-1 
909 |a Λ  |b 071128 
922 |a 1ΕΛΗ  |b 199912  |c ΚΠΣ/ΤΚΑ  |d LEADER 
950 |a 117-1999-07-28 
970 |a ΤΖΑΦΕΡΗ  |b ΕΥΑΓΓΕΛΙΑ  |z 2000/02/07